The War of the Worlds / (Record no. 4021)
[ view plain ]
| 000 -LEADER | |
|---|---|
| fixed length control field | 00916nam a22002057a 4500 |
| 003 - CONTROL NUMBER IDENTIFIER | |
| control field | OSt |
| 005 - DATE AND TIME OF LATEST TRANSACTION | |
| control field | 20241223101352.0 |
| 008 - FIXED-LENGTH DATA ELEMENTS--GENERAL INFORMATION | |
| fixed length control field | 241223b ||||| |||| 00| 0 eng d |
| 020 ## - INTERNATIONAL STANDARD BOOK NUMBER | |
| International Standard Book Number | 9780008190019 |
| 040 ## - CATALOGING SOURCE | |
| Transcribing agency | KH8 |
| 082 ## - DEWEY DECIMAL CLASSIFICATION NUMBER | |
| Classification number | FIC WEL |
| 100 ## - MAIN ENTRY--PERSONAL NAME | |
| Personal name | Wells, Herbert George, |
| Relator term | author. |
| 245 ## - TITLE STATEMENT | |
| Title | The War of the Worlds / |
| Statement of responsibility, etc. | H. G. Wells. |
| 260 ## - PUBLICATION, DISTRIBUTION, ETC. | |
| Place of publication, distribution, etc. | Scotland ; |
| Name of publisher, distributor, etc. | William Collins , |
| Date of publication, distribution, etc. | 2017. |
| 300 ## - PHYSICAL DESCRIPTION | |
| Extent | 224 pages : |
| Dimensions | 18 cm. |
| 520 ## - SUMMARY, ETC. | |
| Summary, etc. | When a strange, meteor-like object lands in the heart of England, the inhabitants of Earth find themselves victims of a terrible attack. A ruthless race of Martians, armed with heat rays and poisonous smoke, is intent on destroying everything that stands in its way. As the unnamed hero struggles to find his way across decimated wastelands, the fate of the planet hangs in the balance . . . |
| 650 ## - SUBJECT ADDED ENTRY--TOPICAL TERM | |
| Topical term or geographic name entry element | English Fiction |
| 650 ## - SUBJECT ADDED ENTRY--TOPICAL TERM | |
| Topical term or geographic name entry element | World war |
| Form subdivision | fiction |
| 942 ## - ADDED ENTRY ELEMENTS (KOHA) | |
| Source of classification or shelving scheme | |
| Koha item type | Class Set Novel |
| Withdrawn status | Lost status | Source of classification or shelving scheme | Damaged status | Not for loan | Collection code | Permanent Location | Current Location | Shelving location | Date acquired | Total Checkouts | Total Renewals | Full call number | Barcode | Date last seen | Date last checked out | Copy number | Price effective from | Koha item type | Date due |
|---|---|---|---|---|---|---|---|---|---|---|---|---|---|---|---|---|---|---|---|
| Teaching Resources | KH8 Senior School Library | KH8 Senior School Library | Staff Office | 2024-12-23 | 1 | 1 | FIC WEL | CSKHSL000250 | 2025-07-15 | 2025-01-07 | ENG | 2024-12-23 | Class Set Novel | ||||||
| Teaching Resources | KH8 Senior School Library | KH8 Senior School Library | Staff Office | 2024-12-23 | 1 | FIC WEL | CSKHSL000251 | 2025-07-15 | 2025-01-07 | ENG | 2024-12-23 | Class Set Novel | |||||||
| Teaching Resources | KH8 Senior School Library | KH8 Senior School Library | Staff Office | 2024-12-23 | 1 | FIC WEL | CSKHSL000252 | 2025-07-15 | 2025-01-07 | ENG | 2024-12-23 | Class Set Novel | |||||||
| Teaching Resources | KH8 Senior School Library | KH8 Senior School Library | Staff Office | 2024-12-23 | 1 | FIC WEL | CSKHSL000253 | 2025-07-15 | 2025-01-07 | ENG | 2024-12-23 | Class Set Novel | |||||||
| Teaching Resources | KH8 Senior School Library | KH8 Senior School Library | Staff Office | 2024-12-23 | 1 | FIC WEL | CSKHSL000254 | 2025-06-05 | 2025-01-07 | ENG | 2024-12-23 | Class Set Novel | |||||||
| Teaching Resources | KH8 Senior School Library | KH8 Senior School Library | Staff Office | 2024-12-23 | 1 | FIC WEL | CSKHSL000255 | 2025-01-07 | 2025-01-07 | ENG | 2024-12-23 | Class Set Novel | 2025-07-04 | ||||||
| Teaching Resources | KH8 Senior School Library | KH8 Senior School Library | Staff Office | 2024-12-23 | 1 | FIC WEL | CSKHSL000256 | 2025-07-15 | 2025-01-07 | ENG | 2024-12-23 | Class Set Novel | |||||||
| Teaching Resources | KH8 Senior School Library | KH8 Senior School Library | Staff Office | 2024-12-23 | 1 | FIC WEL | CSKHSL000257 | 2025-01-07 | 2025-01-07 | ENG | 2024-12-23 | Class Set Novel | 2025-07-04 | ||||||
| Teaching Resources | KH8 Senior School Library | KH8 Senior School Library | Staff Office | 2024-12-23 | 1 | FIC WEL | CSKHSL000258 | 2025-07-15 | 2025-01-08 | ENG | 2024-12-23 | Class Set Novel | |||||||
| Teaching Resources | KH8 Senior School Library | KH8 Senior School Library | Staff Office | 2024-12-23 | 1 | FIC WEL | CSKHSL000259 | 2025-01-07 | 2025-01-07 | ENG | 2024-12-23 | Class Set Novel | 2025-07-04 |